[Event "DEM U12 2022"]
[Site "Willingen GER"]
[Date "2022.06.09"]
[Round "7"]
[White "Neuhoff, Laertes"]
[Black "Lu, Yunong Elias"]
[Result "1/2-1/2"]
[Termination "normal"]
[Board "4"]
[WhiteElo "1990"]
[BlackElo "1671"]
[WhiteClock "00:03:28"]
[BlackClock "00:23:25"]
[PlyCount "100"]
[WhiteFideId "16279719"]
[BlackFideId "16276426"]
[EventCountry "GER"]
[EventRounds "9"]
[EventType "swiss"]
[EventDate "2022.06.04"]

1. e4 {[%clk 01:30:54]} {[%emt 00:00:06]} c6 {[%clk 01:30:34]} {[%emt
00:00:25]} 2. d4 {[%clk 01:31:15]} {[%emt 00:00:10]} d5 {[%clk 01:30:49]}
{[%emt 00:00:15]} 3. Nc3 {[%clk 01:31:26]} {[%emt 00:00:20]} dxe4 {[%clk
01:30:56]} {[%emt 00:00:21]} 4. Nxe4 {[%clk 01:31:47]} {[%emt 00:00:10]} Nf6
{[%clk 01:31:07]} {[%emt 00:00:17]} 5. Nxf6+ {[%clk 01:31:22]} {[%emt
00:00:56]} exf6 {[%clk 01:31:20]} {[%emt 00:00:16]} 6. c3 {[%clk 01:31:09]}
{[%emt 00:00:44]} Bd6 {[%clk 01:27:23]} {[%emt 00:04:26]} 7. Bd3 {[%clk
01:31:04]} {[%emt 00:00:36]} O-O {[%clk 01:27:23]} {[%emt 00:00:29]} 8. Ne2
{[%clk 01:31:02]} {[%emt 00:00:33]} Re8 {[%clk 01:26:42]} {[%emt 00:01:11]} 9.
Qc2 {[%clk 01:29:22]} {[%emt 00:02:10]} h5 {[%clk 01:26:57]} {[%emt 00:00:15]}
10. O-O {[%clk 01:29:04]} {[%emt 00:00:49]} h4 {[%clk 01:24:59]} {[%emt
00:02:27]} 11. h3 {[%clk 01:28:30]} {[%emt 00:01:04]} Nd7 {[%clk 01:21:19]}
{[%emt 00:04:10]} 12. Bd2 {[%clk 01:21:54]} {[%emt 00:07:06]} Nf8 {[%clk
01:18:48]} {[%emt 00:03:01]} 13. Rae1 {[%clk 01:19:53]} {[%emt 00:03:02]} Be6
{[%clk 01:13:43]} {[%emt 00:06:01]} 14. f4 {[%clk 01:07:08]} {[%emt 00:13:19]}
Qb6 {[%clk 00:58:47]} {[%emt 00:14:44]} 15. c4 {[%clk 00:57:38]} {[%emt
00:10:42]} c5 {[%clk 00:51:24]} {[%emt 00:07:52]} 16. f5 {[%clk 00:47:42]}
{[%emt 00:10:27]} Bd7 {[%clk 00:45:59]} {[%emt 00:05:54]} 17. d5 {[%clk
00:47:34]} {[%emt 00:00:39]} Qc7 {[%clk 00:44:35]} {[%emt 00:01:53]} 18. Nc3
{[%clk 00:36:08]} {[%emt 00:11:57]} Bg3 {[%clk 00:29:56]} {[%emt 00:15:08]} 19.
Rxe8 {[%clk 00:31:39]} {[%emt 00:05:00]} Rxe8 {[%clk 00:25:32]} {[%emt
00:04:51]} 20. Ne4 {[%clk 00:30:03]} {[%emt 00:02:09]} Be5 {[%clk 00:23:23]}
{[%emt 00:02:39]} 21. Be1 {[%clk 00:28:20]} {[%emt 00:02:13]} Bd4+ {[%clk
00:18:08]} {[%emt 00:05:46]} 22. Kh1 {[%clk 00:27:31]} {[%emt 00:01:19]} a6
{[%clk 00:18:27]} {[%emt 00:00:12]} 23. Bxh4 {[%clk 00:25:34]} {[%emt
00:02:25]} b5 {[%clk 00:17:59]} {[%emt 00:00:58]} 24. Bg3 {[%clk 00:21:21]}
{[%emt 00:04:44]} Qb6 {[%clk 00:15:00]} {[%emt 00:03:29]} 25. b3 {[%clk
00:20:18]} {[%emt 00:01:33]} bxc4 {[%clk 00:14:29]} {[%emt 00:01:00]} 26. bxc4
{[%clk 00:20:34]} {[%emt 00:00:15]} Qa5 {[%clk 00:12:01]} {[%emt 00:02:31]} 27.
Rb1 {[%clk 00:18:26]} {[%emt 00:03:04]} Bxf5 {[%clk 00:09:34]} {[%emt
00:02:58]} 28. Nxf6+ {[%clk 00:17:55]} {[%emt 00:00:59]} Bxf6 {[%clk 00:09:33]}
{[%emt 00:00:32]} 29. Bxf5 {[%clk 00:18:07]} {[%emt 00:00:18]} g6 {[%clk
00:07:17]} {[%emt 00:02:47]} 30. Bd3 {[%clk 00:17:25]} {[%emt 00:01:11]} Qa3
{[%clk 00:05:03]} {[%emt 00:02:44]} 31. Rb3 {[%clk 00:17:03]} {[%emt 00:00:52]}
Qa4 {[%clk 00:05:07]} {[%emt 00:00:24]} 32. Qd2 {[%clk 00:13:16]} {[%emt
00:04:19]} Qd7 {[%clk 00:04:23]} {[%emt 00:01:14]} 33. Rb6 {[%clk 00:13:21]}
{[%emt 00:00:25]} Bd4 {[%clk 00:04:23]} {[%emt 00:00:28]} 34. Bf4 {[%clk
00:09:48]} {[%emt 00:04:04]} Qd8 {[%clk 00:03:41]} {[%emt 00:01:00]} 35. Rb8
{[%clk 00:09:38]} {[%emt 00:00:53]} Qd7 {[%clk 00:03:43]} {[%emt 00:00:26]} 36.
Rxe8 {[%clk 00:09:41]} {[%emt 00:00:29]} Qxe8 {[%clk 00:04:09]} {[%emt
00:00:04]} 37. Qe2 {[%clk 00:09:43]} {[%emt 00:00:27]} Qa4 {[%clk 00:03:08]}
{[%emt 00:01:27]} 38. Be3 {[%clk 00:04:50]} {[%emt 00:05:28]} Bxe3 {[%clk
00:02:55]} {[%emt 00:00:43]} 39. Qxe3 {[%clk 00:05:19]} Qxa2 {[%clk 00:03:01]}
{[%emt 00:00:24]} 40. Qxc5 {[%clk 00:03:03]} {[%emt 00:02:45]} Qa1+ {[%clk
00:01:44]} {[%emt 00:01:47]} 41. Kh2 {[%clk 00:01:16]} {[%emt 00:02:16]} Qe5+
{[%clk 00:30:11]} {[%emt 00:02:01]} 42. Kg1 {[%clk 00:28:24]} {[%emt 00:03:24]}
a5 {[%clk 00:28:14]} {[%emt 00:02:28]} 43. Bf1 {[%clk 00:19:50]} {[%emt
00:09:04]} a4 {[%clk 00:25:29]} {[%emt 00:03:15]} 44. Qa7 {[%clk 00:05:36]}
{[%emt 00:14:44]} Kg7 {[%clk 00:21:53]} {[%emt 00:04:03]} 45. Qxa4 {[%clk
00:05:19]} {[%emt 00:00:48]} Qe3+ {[%clk 00:21:56]} {[%emt 00:00:27]} 46. Kh1
{[%clk 00:03:11]} {[%emt 00:02:38]} Qe1 {[%clk 00:22:15]} {[%emt 00:00:11]} 47.
Kg1 {[%clk 00:03:24]} {[%emt 00:00:17]} Qe3+ {[%clk 00:22:37]} {[%emt
00:00:09]} 48. Kh2 {[%clk 00:03:36]} {[%emt 00:00:17]} Qf4+ {[%clk 00:22:45]}
{[%emt 00:00:21]} 49. Kg1 {[%clk 00:03:34]} {[%emt 00:00:34]} Qe3+ {[%clk
00:23:07]} {[%emt 00:00:08]} 50. Kh1 {[%clk 00:03:28]} {[%emt 00:00:36]} Qe1
{[%clk 00:23:25]} {[%emt 00:00:11]} 1/2-1/2

[Event "DEM U12 2022"]
[Site "Willingen GER"]
[Date "2022.06.09"]
[Round "7"]
[White "Dodul, Arthur"]
[Black "Seth, Aakrit"]
[Result "1/2-1/2"]
[Termination "normal"]
[Board "11"]
[WhiteElo "1443"]
[BlackElo "1467"]
[WhiteClock "01:02:43"]
[BlackClock "00:09:29"]
[PlyCount "114"]
[WhiteFideId "34609016"]
[BlackFideId "34604812"]
[EventCountry "GER"]
[EventRounds "9"]
[EventType "swiss"]
[EventDate "2022.06.04"]

1. e4 {[%clk 01:30:55]} {[%emt 00:00:04]} c5 {[%clk 01:30:56]} {[%emt
00:00:04]} 2. Nf3 {[%clk 01:31:13]} {[%emt 00:00:13]} g6 {[%clk 01:31:19]}
{[%emt 00:00:07]} 3. d4 {[%clk 01:31:29]} {[%emt 00:00:13]} cxd4 {[%clk
01:31:35]} {[%emt 00:00:14]} 4. Nxd4 {[%clk 01:31:42]} {[%emt 00:00:18]} Bg7
{[%clk 01:31:57]} {[%emt 00:00:07]} 5. Be3 {[%clk 01:31:58]} {[%emt 00:00:14]}
Nc6 {[%clk 01:32:21]} {[%emt 00:00:06]} 6. Nc3 {[%clk 01:32:01]} {[%emt
00:00:27]} Nf6 {[%clk 01:32:41]} {[%emt 00:00:10]} 7. f3 {[%clk 01:32:11]}
{[%emt 00:00:20]} O-O {[%clk 01:27:41]} {[%emt 00:05:30]} 8. Qd2 {[%clk
01:27:27]} {[%emt 00:05:10]} d5 {[%clk 01:23:44]} {[%emt 00:04:30]} 9. O-O-O
{[%clk 01:23:34]} {[%emt 00:04:24]} dxe4 {[%clk 01:14:18]} {[%emt 00:09:56]}
10. fxe4 {[%clk 01:22:50]} {[%emt 00:01:13]} Bg4 {[%clk 01:10:24]} {[%emt
00:04:24]} 11. Be2 {[%clk 01:21:38]} {[%emt 00:01:43]} Bxe2 {[%clk 01:04:43]}
{[%emt 00:06:10]} 12. Qxe2 {[%clk 01:21:30]} {[%emt 00:00:37]} Qc7 {[%clk
00:57:23]} {[%emt 00:07:50]} 13. g4 {[%clk 01:15:41]} {[%emt 00:06:19]} Rfd8
{[%clk 00:56:23]} {[%emt 00:01:30]} 14. h4 {[%clk 01:13:20]} {[%emt 00:02:51]}
Nxe4 {[%clk 00:49:10]} {[%emt 00:07:43]} 15. Nxe4 {[%clk 01:07:05]} {[%emt
00:06:42]} Nxd4 {[%clk 00:48:33]} {[%emt 00:01:09]} 16. Bxd4 {[%clk 01:07:20]}
{[%emt 00:00:16]} Bxd4 {[%clk 00:45:49]} {[%emt 00:03:15]} 17. h5 {[%clk
01:04:40]} {[%emt 00:03:10]} Rac8 {[%clk 00:38:54]} {[%emt 00:07:25]} 18. hxg6
{[%clk 01:04:01]} {[%emt 00:01:09]} fxg6 {[%clk 00:39:12]} {[%emt 00:00:12]}
19. Kb1 {[%clk 00:53:07]} {[%emt 00:11:18]} Bg7 {[%clk 00:31:06]} {[%emt
00:08:38]} 20. Ng5 {[%clk 00:52:22]} {[%emt 00:01:17]} Rxd1+ {[%clk 00:30:57]}
{[%emt 00:00:40]} 21. Rxd1 {[%clk 00:52:39]} {[%emt 00:00:14]} Qb6 {[%clk
00:23:06]} {[%emt 00:08:19]} 22. c3 {[%clk 00:48:03]} {[%emt 00:05:06]} Bxc3
{[%clk 00:16:55]} {[%emt 00:06:44]} 23. Rc1 {[%clk 00:47:38]} {[%emt 00:00:53]}
Rc6 {[%clk 00:09:38]} {[%emt 00:07:43]} 24. Ne4 {[%clk 00:41:42]} {[%emt
00:06:29]} Bg7 {[%clk 00:09:40]} {[%emt 00:00:29]} 25. Rxc6 {[%clk 00:41:27]}
{[%emt 00:00:44]} Qxc6 {[%clk 00:09:48]} {[%emt 00:00:23]} 26. Qd3 {[%clk
00:40:21]} {[%emt 00:01:34]} h6 {[%clk 00:08:20]} {[%emt 00:02:00]} 27. a3
{[%clk 00:40:12]} {[%emt 00:00:39]} Qb6 {[%clk 00:08:02]} {[%emt 00:00:46]} 28.
Qc2 {[%clk 00:39:51]} {[%emt 00:00:50]} Qg1+ {[%clk 00:08:06]} {[%emt
00:00:27]} 29. Ka2 {[%clk 00:39:51]} {[%emt 00:00:32]} Qxg4 {[%clk 00:08:22]}
{[%emt 00:00:12]} 30. Qc4+ {[%clk 00:40:02]} {[%emt 00:00:20]} Kh8 {[%clk
00:08:29]} {[%emt 00:00:24]} 31. Qd3 {[%clk 00:38:20]} {[%emt 00:02:07]} Qe6+
{[%clk 00:08:19]} {[%emt 00:00:41]} 32. Ka1 {[%clk 00:37:23]} {[%emt 00:01:29]}
Qb6 {[%clk 00:08:27]} {[%emt 00:00:19]} 33. Qc2 {[%clk 00:37:37]} {[%emt
00:00:19]} Qxb2+ {[%clk 00:08:31]} {[%emt 00:00:27]} 34. Qxb2 {[%clk 00:37:59]}
{[%emt 00:00:08]} Bxb2+ {[%clk 00:08:58]} {[%emt 00:00:04]} 35. Kxb2 {[%clk
00:38:18]} {[%emt 00:00:11]} h5 {[%clk 00:09:24]} {[%emt 00:00:04]} 36. Kc3
{[%clk 00:38:07]} {[%emt 00:00:41]} h4 {[%clk 00:09:23]} {[%emt 00:00:30]} 37.
Nf2 {[%clk 00:37:29]} {[%emt 00:01:08]} Kg7 {[%clk 00:09:34]} {[%emt 00:00:18]}
38. Kd4 {[%clk 00:37:53]} {[%emt 00:00:07]} Kf6 {[%clk 00:09:50]} {[%emt
00:00:14]} 39. Ke4 {[%clk 00:37:55]} {[%emt 00:00:28]} g5 {[%clk 00:09:35]}
{[%emt 00:00:45]} 40. Ng4+ {[%clk 00:38:19]} {[%emt 00:00:06]} Ke6 {[%clk
00:09:50]} {[%emt 00:00:13]} 41. Ne5 {[%clk 00:37:52]} {[%emt 00:01:00]} b5
{[%clk 00:08:45]} {[%emt 00:01:34]} 42. Nc6 {[%clk 00:37:34]} {[%emt 00:00:50]}
a6 {[%clk 00:07:26]} {[%emt 00:01:48]} 43. Nb8 {[%clk 00:37:39]} {[%emt
00:00:25]} g4 {[%clk 00:07:12]} {[%emt 00:00:44]} 44. Kf4 {[%clk 00:37:49]}
{[%emt 00:00:20]} g3 {[%clk 00:07:15]} {[%emt 00:00:25]} 45. Kf3 {[%clk
00:38:13]} {[%emt 00:00:07]} Kf5 {[%clk 00:07:05]} {[%emt 00:00:38]} 46. Nxa6
{[%clk 00:38:21]} {[%emt 00:00:25]} e5 {[%clk 00:07:20]} {[%emt 00:00:14]} 47.
Nc5 {[%clk 00:38:47]} {[%emt 00:00:04]} Kf6 {[%clk 00:04:23]} {[%emt 00:03:26]}
48. Ne4+ {[%clk 00:38:49]} {[%emt 00:00:30]} Ke6 {[%clk 00:04:31]} {[%emt
00:00:21]} 49. Nc3 {[%clk 00:38:36]} {[%emt 00:00:44]} Kf5 {[%clk 00:02:22]}
{[%emt 00:02:38]} 50. Nxb5 {[%clk 00:37:22]} {[%emt 00:01:45]} e4+ {[%clk
00:01:51]} {[%emt 00:01:01]} 51. Kg2 {[%clk 00:37:39]} {[%emt 00:00:12]} Kg4
{[%clk 00:01:59]} {[%emt 00:00:21]} 52. Nd4 {[%clk 00:37:10]} {[%emt 00:01:00]}
h3+ {[%clk 00:29:16]} {[%emt 00:03:14]} 53. Kg1 {[%clk 01:04:56]} {[%emt
00:02:42]} e3 {[%clk 00:16:50]} {[%emt 00:12:57]} 54. a4 {[%clk 01:04:05]}
{[%emt 00:01:22]} g2 {[%clk 00:16:48]} {[%emt 00:00:31]} 55. a5 {[%clk
01:03:15]} {[%emt 00:01:21]} Kg3 {[%clk 00:15:11]} {[%emt 00:02:07]} 56. Ne2+
{[%clk 01:03:34]} {[%emt 00:00:11]} Kf3 {[%clk 00:14:51]} {[%emt 00:00:49]} 57.
Nd4+ {[%clk 01:02:43]} {[%emt 00:01:22]} Kg3 {[%clk 00:09:29]} {[%emt
00:05:51]} 1/2-1/2

[Event "DEM U12 2022"]
[Site "Willingen GER"]
[Date "2022.06.09"]
[Round "7"]
[White "Mündörfer, Sebastian"]
[Black "Uyar, Levin"]
[Result "0-1"]
[Termination "normal"]
[Board "20"]
[WhiteElo "1254"]
[BlackElo "1306"]
[WhiteClock "00:44:29"]
[BlackClock "00:21:19"]
[PlyCount "76"]
[WhiteFideId "34604367"]
[BlackFideId "16282108"]
[EventCountry "GER"]
[EventRounds "9"]
[EventType "swiss"]
[EventDate "2022.06.04"]

1. d4 {[%clk 01:30:59]} Nf6 {[%clk 01:30:54]} {[%emt 00:00:06]} 2. c4 {[%clk
01:31:26]} {[%emt 00:00:04]} e6 {[%clk 01:31:17]} {[%emt 00:00:07]} 3. Nf3
{[%clk 01:31:50]} {[%emt 00:00:06]} d5 {[%clk 01:31:37]} {[%emt 00:00:10]} 4.
Nc3 {[%clk 01:32:13]} {[%emt 00:00:07]} c6 {[%clk 01:31:20]} {[%emt 00:00:47]}
5. c5 {[%clk 01:30:09]} {[%emt 00:02:34]} b6 {[%clk 01:22:25]} {[%emt
00:09:25]} 6. b4 {[%clk 01:29:06]} {[%emt 00:01:33]} a5 {[%clk 01:20:55]}
{[%emt 00:01:58]} 7. Na4 {[%clk 01:23:23]} {[%emt 00:06:13]} Nbd7 {[%clk
01:19:53]} {[%emt 00:01:33]} 8. Qb3 {[%clk 01:17:18]} {[%emt 00:06:35]} axb4
{[%clk 01:16:13]} {[%emt 00:04:10]} 9. Qxb4 {[%clk 01:17:12]} {[%emt 00:00:36]}
bxc5 {[%clk 01:16:14]} {[%emt 00:00:29]} 10. dxc5 {[%clk 01:12:11]} {[%emt
00:05:32]} Qa5 {[%clk 01:15:31]} {[%emt 00:01:13]} 11. Qxa5 {[%clk 01:12:21]}
{[%emt 00:00:19]} Rxa5 {[%clk 01:15:55]} {[%emt 00:00:05]} 12. Nb6 {[%clk
01:12:41]} {[%emt 00:00:10]} Bb7 {[%clk 01:13:48]} {[%emt 00:02:37]} 13. Nxd7
{[%clk 01:09:28]} {[%emt 00:03:43]} Nxd7 {[%clk 01:13:32]} {[%emt 00:00:46]}
14. Bd2 {[%clk 01:02:50]} {[%emt 00:07:08]} Rxc5 {[%clk 01:11:40]} {[%emt
00:02:22]} 15. Bb4 {[%clk 01:02:26]} {[%emt 00:00:54]} Rb5 {[%clk 01:11:37]}
{[%emt 00:00:31]} 16. Bxf8 {[%clk 01:02:10]} {[%emt 00:00:48]} Rxf8 {[%clk
01:11:27]} {[%emt 00:00:40]} 17. e4 {[%clk 01:01:22]} {[%emt 00:01:19]} Ra5
{[%clk 01:11:02]} {[%emt 00:00:54]} 18. exd5 {[%clk 01:01:14]} {[%emt
00:00:38]} cxd5 {[%clk 01:07:20]} {[%emt 00:04:13]} 19. Be2 {[%clk 00:59:51]}
{[%emt 00:01:52]} Ke7 {[%clk 01:05:05]} {[%emt 00:02:45]} 20. Rb1 {[%clk
00:57:55]} {[%emt 00:02:26]} Rb8 {[%clk 01:02:51]} {[%emt 00:02:43]} 21. Rb2
{[%clk 00:57:54]} {[%emt 00:00:32]} Ba6 {[%clk 01:02:20]} {[%emt 00:01:01]} 22.
Rxb8 {[%clk 00:56:42]} {[%emt 00:01:42]} Nxb8 {[%clk 01:02:42]} {[%emt
00:00:08]} 23. Bxa6 {[%clk 00:56:12]} {[%emt 00:01:00]} Rxa6 {[%clk 01:02:40]}
{[%emt 00:00:32]} 24. O-O {[%clk 00:56:34]} {[%emt 00:00:08]} Rxa2 {[%clk
01:02:56]} {[%emt 00:00:14]} 25. g3 {[%clk 00:56:33]} {[%emt 00:00:31]} f6
{[%clk 01:01:45]} {[%emt 00:01:41]} 26. Nd4 {[%clk 00:55:07]} {[%emt 00:01:56]}
Rd2 {[%clk 01:01:25]} {[%emt 00:00:44]} 27. Nf3 {[%clk 00:51:08]} {[%emt
00:04:35]} Rd3 {[%clk 01:01:37]} {[%emt 00:00:15]} 28. Kg2 {[%clk 00:51:35]}
{[%emt 00:00:07]} Nc6 {[%clk 01:00:56]} {[%emt 00:01:11]} 29. Rb1 {[%clk
00:51:23]} {[%emt 00:00:42]} f5 {[%clk 00:54:24]} {[%emt 00:07:02]} 30. h4
{[%clk 00:49:45]} {[%emt 00:02:08]} h6 {[%clk 00:39:23]} {[%emt 00:15:30]} 31.
Rb6 {[%clk 00:47:18]} {[%emt 00:02:57]} Rc3 {[%clk 00:30:51]} {[%emt 00:09:03]}
32. Rb7+ {[%clk 00:46:25]} {[%emt 00:01:23]} Kf6 {[%clk 00:31:04]} {[%emt
00:00:16]} 33. Rc7 {[%clk 00:45:47]} {[%emt 00:01:09]} Rc4 {[%clk 00:30:22]}
{[%emt 00:01:01]} 34. Nd2 {[%clk 00:44:32]} {[%emt 00:01:56]} Rc2 {[%clk
00:30:27]} {[%emt 00:00:12]} 35. Nb3 {[%clk 00:44:53]} {[%emt 00:00:21]} Nd4
{[%clk 00:29:59]} {[%emt 00:00:35]} 36. Nc5 {[%clk 00:44:35]} {[%emt 00:01:12]}
Rc4 {[%clk 00:20:36]} {[%emt 00:09:53]} 37. Nd7+ {[%clk 00:44:10]} {[%emt
00:00:55]} Ke7 {[%clk 00:20:58]} {[%emt 00:00:07]} 38. Nb6+ {[%clk 00:44:29]}
{[%emt 00:00:11]} Rxc7 {[%clk 00:21:19]} {[%emt 00:00:10]} 0-1

[Event "DEM U12 2022"]
[Site "Willingen GER"]
[Date "2022.06.09"]
[Round "7"]
[White "Böhler, Yannic"]
[Black "Xu, Wanghan"]
[Result "1-0"]
[Termination "normal"]
[Board "28"]
[WhiteElo "1361"]
[BlackElo "1419"]
[PlyCount "87"]
[WhiteFideId "34609059"]
[BlackFideId "34608745"]
[EventCountry "GER"]
[EventRounds "9"]
[EventType "swiss"]
[EventDate "2022.06.04"]

1. c4 c5 2. Nc3 Nf6 3. g3 Nc6 4. Bg2 e6 5. Nf3 d5 6. cxd5 exd5 7. d4 Be7 8. Bg5
O-O 9. dxc5 Bxc5 10. Bxf6 Qxf6 11. Qxd5 Bb4 12. Qb3 Bg4 13. O-O Bxc3 14. bxc3
Na5 15. Qb4 Bxf3 16. Bxf3 Qb6 17. Qxb6 axb6 18. Rab1 Nc4 19. Bxb7 Rxa2 20. Bd5
Ra4 21. Rb4 Rxb4 22. cxb4 b5 23. Rc1 Rc8 24. Bxc4 Rxc4 25. Rxc4 bxc4 26. Kf1
Kf8 27. Ke1 Ke7 28. Kd2 Kd6 29. e4 Kc6 30. Kc3 Kb5 31. f4 g6 32. f5 gxf5 33.
exf5 f6 34. g4 h6 35. h3 Kb6 36. Kxc4 Kc6 37. b5+ Kb6 38. Kd5 Kxb5 39. Ke6 Kc6
40. Kxf6 Kd6 41. Kg7 Ke7 42. f6+ Ke6 43. f7 Kd5 44. f8=Q 1-0

[Event "DEM U12 2022"]
[Site "Willingen GER"]
[Date "2022.06.09"]
[Round "7"]
[White "Schönherr, Stijn"]
[Black "Halich, Jan Finnian"]
[Result "0-1"]
[Termination "normal"]
[Board "29"]
[WhiteElo "1254"]
[BlackElo "877"]
[PlyCount "111"]
[WhiteFideId "34611622"]
[BlackFideId "34623710"]
[EventCountry "GER"]
[EventRounds "9"]
[EventType "swiss"]
[EventDate "2022.06.04"]

1. e4 e5 2. Nf3 Nc6 3. Bc4 Bc5 4. c3 Nf6 5. d4 exd4 6. O-O dxc3 7. Nxc3 d6 8.
h3 O-O 9. Bg5 Be6 10. Bb3 h6 11. Bh4 Re8 12. Nd5 Bxd5 13. Bxd5 Rb8 14. Rb1 Ne5
15. Nxe5 dxe5 16. Qb3 Rf8 17. Rfd1 Bd4 18. Kh1 c6 19. Bc4 Qd6 20. Qf3 a6 21.
Bxf6 Qxf6 22. Qxf6 gxf6 23. f4 Rfd8 24. Rf1 b5 25. Bb3 Rd7 26. fxe5 fxe5 27.
Rf6 Rbd8 28. Rbf1 Rd6 29. Rxf7 Kh8 30. Re7 R6d7 31. Rxd7 Rxd7 32. Rf6 Rc7 33.
Rxh6+ Kg7 34. Rh4 Bxb2 35. g4 Kg6 36. Rh5 c5 37. h4 c4 38. Bc2 c3 39. Rxe5 Rd7
40. Rd5 Rf7 41. Rg5+ Kh6 42. Rh5+ Kg7 43. g5 Rf2 44. Bd3 Rd2 45. Bb1 Rd1+ 46.
Kg2 Rxb1 47. Rh6 c2 48. Rxa6 c1=Q 49. Ra7+ Kf8 50. Ra8+ Ke7 51. Ra7+ Kd8 52.
Rf7 Qc2+ 53. Rf2 Qxe4+ 54. Kh2 Qe5+ 55. Kh3 Qe3+ 56. Kg2 0-1

[Event "DEM U12 2022"]
[Site "Willingen GER"]
[Date "2022.06.09"]
[Round "7"]
[White "Haertel, Leon"]
[Black "Rempe, Lennik"]
[Result "0-1"]
[Termination "normal"]
[Board "30"]
[WhiteElo "1536"]
[BlackElo "1073"]
[PlyCount "64"]
[WhiteFideId "34623736"]
[BlackFideId "16248031"]
[EventCountry "GER"]
[EventRounds "9"]
[EventType "swiss"]
[EventDate "2022.06.04"]

1. d4 d5 2. c4 e6 3. Nc3 Nf6 4. cxd5 exd5 5. Bg5 Be7 6. Nf3 O-O 7. e3 Nbd7 8.
Bd3 b6 9. O-O Bb7 10. Qc2 Ne4 11. Bf4 c5 12. Nxe4 c4 13. Nc3 cxd3 14. Qxd3 Nf6
15. Qe2 a5 16. Rfd1 Ba6 17. Qc2 Rc8 18. Qb3 Bc4 19. Qc2 Ba6 20. Qa4 Ne4 21.
Nxe4 dxe4 22. Rdc1 exf3 23. gxf3 Be2 24. Kg2 Rxc1 25. Rxc1 b5 26. Qc2 Bc4 27.
b3 Be6 28. Bc7 Qd7 29. Bxa5 Bh3+ 30. Kg1 Qd5 31. Qe4 Qg5+ 32. Kh1 Qg2# 0-1